Quizzes
Events
Quiz Creation
Community
Videos
Private Events
Remove Ads
Sign In
Join for FREE
Feedback
Dark Mode
Quiz Categories
Sports
Geography
Music
Movies
Television
Just For Fun
Miscellaneous
History
Literature
Language
Science
Gaming
Entertainment
Religion
Holiday
For Kids
Quiz Lab
Recent
Popular Today
Quiz Kudos Today
Editor Picks
Curator Picks
Quizzes by...
Day
Popularity
Type
Ratings
Length
Year
Community
Subscriptions
Recent Discussions
Orange Saloon
Badges
Playlists
Quests
Create
Leaderboards
Showdown
Live 5
Trivia Bingo
Activity
Puzzle Library
Sporcle Events
Private Events
Virtual Trivia
Globe League
Become a Host
Pub Owners
SporcleCon
Opinionation
Our Games
Videos
Blog
Mobile Apps
Partnerships
Remove Ads and Go Orange
Feedback
Science
Computer
Plants
Astronomy
Chemistry
Elements
Math
Animal
Physics
Anatomy
Biology
Geology
General Science
Science
Computer
Plants
Astronomy
Chemistry
Elements
Math
Animal
Physics
Anatomy
Biology
Geology
General Science
Random Quiz
Search Sporcle
×
Quiz Lab
Quiz Lab
Science
General Science
Type in answers that appear in a list
Type in answers that appear in a list
Classic
Best Score? Go Orange.
Random Trivia: Science Stats
Can you answer all the trivia questions that are all based on science?
By
Joshie_the_great
7m
20 Questions
2,633 Plays
2,633 Plays
2,633 Plays
Comments
Comments
Give Quiz Kudos
Give Quiz Kudos
-
- Ratings
hide this ad
Forced Order
Answers have to be entered in order
Answers have to be entered in order
Replay
Link that replays current quiz
Next Quiz
Link to next quiz in quiz playlist
You Got
0%
They Got
Avg Score
57%
Avg Friend Score
Upgrade to see
Score Distribution
Jump to the score distribution portion of the page
Score
0/20
Timer
07:00
1
Play Today
Science Question
Answer
% Correct
How many colors are there in a rainbow?
Seven
96.9%
What blood type do you need to be a universal donor?
O-
90.7%
Which bone is the longest in the human body?
Femur
82.4%
Diamonds are made up almost entirely out of what element?
Carbon
77.4%
What planet in our solar system has the strongest gravitational force?
Jupiter
76.2%
An animal that lives part of its life on land and part in water is known as a(n) _
_
_
_
_
_
_
_
?
Amphibian
74.8%
What natural phenomena are measured by the Richter scale?
Earthquakes
72%
What is the largest and heaviest internal organ in the human body?
Liver
67%
What has no electric charge, and is one of the fundamental particles making up an atom's nucleus?
Neutron
66%
In what month is the Earth closest to the sun?
January
62.8%
Science Question
Answer
% Correct
Who came up with the theories of General and Special relativity?
Albert Einstein
59.4%
Who is considered the 'father of psychoanalysis'?
Sigmund Freud
53.5%
Penicillin is used to fight what type of infections?
Bacterial
52.9%
What is the largest 3-
digit prime number?
997
52.1%
What is the medical term for bad breath?
Halitosis
39.5%
Which animal has the longest tongue relative to its total size?
Chameleon
30.5%
Which is the most abundant metal in the earth's crust?
Aluminum
30.5%
Which two elements on the periodic table are liquids at room temperature?
Mercury and Bromine
27.3%
What is the world's largest active volcano?
Mauna Loa
15.7%
What was the first electronic computer called?
ENIAC
12.4%
Quiz Playlist
Details
Report
Send in Message
Add To Playlist
Classic:
Type in answers that appear in a list
Forced Order:
Answers have to be entered in order
Quiz Source
Last Updated: May 2, 2017
Quiz Scoreboard
CHALLENGE
Sign Up to Join the Scoreboard
Show All
Scores
Hide
Comments
May contain spoilers
Recently Published
College Basketball Coaching Resumes
by pancakes188
Sports
9m
Billboard Blitz: Fleetwood Mac
by CooCooCachoo
Music
15s
Presidents Visiting Landmarks
by Hejman
History
7m
More to Explore
Quiz From the Vault
Featured Blog Post
Where Did the Easter Bunny Come From?
hide this ad
You Might Also Like...
Tags
Astronomy Quiz
Chemistry Quiz
General Knowledge Quiz
General Science Quiz
Trivia
Today's Top Quizzes in Science
Browse Science
hide this ad
Today's Top Quizzes in General Science
Browse General Science
Top Contributed Quizzes in Science
1
Quick Pick: Radians
2
Quick Pick: 'CI-CJ' Animals
3
The First 100 Digits of Pi
4
Elements In Images
5
One Thing in Common: Science
6
Science Jokes
7
Name the Acid, Base or Salt
8
One Thing in Common: Science II
9
One Thing in Common: Science III
10
One Thing in Common: Animals
Explore More
Trending Topics
Kpop
Harry Potter
Anime
Crossword
NBA
Marvel
Disney
Song
Pokémon
Country
WWE
Puzzle
The Office
Soccer
NFL
hide this ad
More By:
Joshie_the_great
Quiz
Plays
Rating
Category
Featured
Created
Super Bowl Teams of the 2010s
224,298
3.37
Sports
Mar 26, 2019
Secret State
200,156
4.59
Geography
Oct 24, 2019
South American Countries - No Outlines Minefield
195,215
4.44
Geography
Feb 16, 2016
NBA MVP Voting (2010s)
176,603
4.88
Sports
Oct 7, 2019
NBA 50 Point Games (2010s)
150,175
4.88
Sports
Apr 15, 2019
Go to Creator's Profile
Score Distribution
Quiz Creator Spotlight
Joshie_the_great
Follow
Send a Message
Quizzes Created
-
Created Quiz Play Count
-
More By This Creator
Popular Quizzes Today
1
Find the US States - No Outlines Minefield
2
Find the Countries of Europe - No Outlines Minefield
3
The Countries of the World
4
Find the US States
5
Risky Map Clicking: Biggest States A-Z
6
US States
7
Popular People in 1961
8
Movies - When Are They Set?
More Science Quizzes
Element Symbols Blitz with Chemical Explosives
Editor's Pick
Trending Quizzes
Risky Map Clicking: Least Populous States A-Z
1-10 Letter G Words
1-10 Letter F Words
Risky Map Clicking: Next State Alphabetically
Risky Map Clicking: Biggest States A-Z
Recently Updated
Leaping Animals
pecheneg
Reality TV Shows (A-Z)
bhenderson79
Rickey Henderson's Hall of Fame Teammates
pecheneg
Champions League XIs: Arsenal
pecheneg
Quick Pick: Celebrities in WWE's Hall of Fame
aduchscher
A-Z Keypad Blitz II
pecheneg
Multiple Oscar Actors
pecheneg
Mystery Phrase Blitz: Oscar 'Best Actors'
pecheneg
F. Scott Fitzgerald Novels
LTH
Pick 3 Villains
ddd62291
Trending Topics
Crossword
Disney
Harry Potter
Anime
NBA
Marvel
Kpop
Song
Country
Pokémon
WWE
NFL
Puzzle
The Office
Soccer
Your Account Isn't Verified!
In order to create a playlist on Sporcle, you need to verify the email address you used during registration. Go to your
Sporcle Settings
to finish the process.
Report this User
Report this user for behavior that violates our
Community Guidelines
.
Details:
Send Report
Go to the Sporcle.com Mobile Site →
Comments